000 02858cam a2200565 4500
001 510066461
003 DE-627
005 20231017130130.0
007 tu
008 060405s2005 gw ||||| 00| ||ger c
015 _a06,B19,0818
_2dnb
016 7 _a979216125
_2DE-101
020 _a9783893316625
020 _a3893316620
_ckart.
035 _a(DE-627)510066461
035 _a(DE-576)253724538
035 _a(DE-599)GBV510066461
035 _a(OCoLC)181558654
035 _a(OCoLC)76866007
040 _aDE-627
_bger
_cDE-627
_erakwb
_dDE-2950
041 _ager
044 _cXA-DE
050 0 _aDK4140
082 0 _a940
082 0 _a943.8
_qOCLC
082 0 4 _a940
084 _a940
_2sdnb
084 _a7,41
_2ssgn
084 _aNK 2465
_2rvk
_0(DE-625)rvk/125895:
084 _a15.72
_2bkl
100 1 _aAlexander, Manfred
_d1939-
_0(DE-588)124731856
_0(DE-627)364578386
_0(DE-576)160051525
_4aut
245 1 0 _aKleine Geschichte Polens /
_cvon Manfred Alexander
250 _aLizenzausg.
264 1 _aBonn:
_bBundeszentrale für Politische Bildung,
_c2005.
300 _a422 S.:
_bgraph. Darst., Kt.
_c16 cm
336 _aText
_btxt
_2rdacontent
337 _aohne Hilfsmittel zu benutzen
_bn
_2rdamedia
338 _aBand
_bnc
_2rdacarrier
490 1 _aSchriftenreihe / Bundeszentrale für Politische Bildung;
_v537
500 _aLiteraturverz. S. [401] - 406
520 _aMehr wissen über unser Nachbarland Polen: Das Buch bietet einen knappen Überblick über Geschichte, Politik, Gesellschaft und Kultur vom Jahr 1000 bis ins 20. Jahrhundert. . Seit dem Ende des kommunistischen Regimes in Polen und seiner Aufnahme in die Europäische Union gewinnen Kenntnisse über der Geschichte unseres östlichen Nachbarlandes mehr und mehr an Bedeutung.Die Kleine Geschichte Polens setzt im zehnten Jahrhundert mit der Zeit der Piasten (um 960-1370/86) ein. Die weiteren Kapitel behandeln folgende Abschnitte: Polen unter der Dynastie der Jagiellonen (1386-1572), Polen als Wahlkönigreich und Adelsrepublik (1572-1795), Die Polen in der Zeit der Teilung des Staates (1795-1918) sowie Polen im 20. Jahrhundert. Literaturhinweise zu jedem Kapitel, Karten sowie ein Personenregister erschließen weitere Informationen. Manfred Alexander ist Professor für osteuropäische Geschichte an der Universität zu Köln
651 0 _aPoland
_xHistory
810 2 _aBundeszentrale für Politische Bildung
_tSchriftenreihe
_v537
_9537
_w(DE-627)130733164
_w(DE-576)016285409
_w(DE-600)978681-8
_x0435-7604
_7ns
856 4 2 _uhttp://www.gbv.de/dms/hbz/toc/ht014760247.pdf
_mV:DE-605
_qpdf/application
_v2008-11-15
_yInhaltsverzeichnis
_3Inhaltsverzeichnis
856 4 2 _uhttp://www.bpb.de/cache/images/1/35601-st-portlet140x191.jpg?FE151
_yCover
_3Cover
936 r v _aNK 2465
936 b k _a15.72
942 _2z
_cB
951 _aBO
999 _c372775
_d372775